000 00962naa a22002777a 4500
001 BR7503058
003 BR-BrBNA
005 20240918173739.0
007 ta
008 230509b bl.||||| |||| 00| 0 por d
040 _aBR-BrBNA
_bpor
_cBiblioteca Nacional de Agricultura
041 _a(Pt)
072 _aL30; L36
_b8951
090 _aL30 BR7503058
100 1 _aSilva, J.F.C. da
111 1 _a2. Simposio sobre Manejo da Pastagem
_cPiracicaba, SP (Brazil)
_d24 Mar 1975
245 1 _aValor nutritivo de fenos
260 3 _aPiracicaba, SP (Brasil):
_c1975.
500 _aAnais do 2. Simposio sobre Manejo da Pastagem Piracicaba, SP (Brasil): 1975. p. 250-269 (BR7503058-AM)L30
650 _aFENO
650 _aVALOR NUTRITIVO
650 _aCOMPOSICAO DE ALIMENTO
773 0 _tAnais do 2. Simposio sobre Manejo da Pastagem
_wL30 BR7503058
_gPiracicaba, SP (Brasil), 1975. p. 250-269
909 _a202404
_bLucia
_c55
_dLucia Elande
942 _cAM
_2AGRIS
999 _c306621
_d306621